[Event "III Open Costa Viola A"]
[Site "Sant'Eufemia d'Aspromonte ITA"]
[Date "2010.01.02"]
[Round "1"]
[White "Familari, Giuseppe"]
[Black "Sabia, Corrado"]
[Result "0-1"]
[WhiteElo "1863"]
[BlackElo "2176"]
[PlyCount "78"]
[EventDate "2010.01.02"]

1. e4 e5 2. Nf3 Nc6 3. Bc4 Bc5 4. b4 Bxb4 5. c3 Ba5 6. d4 exd4 7. Qb3 Qf6 8.
O-O Nge7 9. e5 Nxe5 10. Nxe5 Qxe5 11. Bxf7+ Kd8 12. cxd4 Qf6 13. Nd2 Rf8 14.
Bc4 Qb6 15. Qe3 Nf5 16. Qg5+ Qf6 17. Ne4 Qxg5 18. Nxg5 h6 19. Ba3 d6 20. Nf3
Ne7 21. Rab1 Bg4 22. Be2 Bb6 23. Rfd1 Nd5 24. Rb3 Nf4 25. Bc4 Ne6 26. Re1 Nxd4
27. Nxd4 Bxd4 28. Re4 Bxf2+ 29. Kh1 Bd7 30. Bb2 b5 31. Be2 Bc6 32. Bxg7 Rf7 33.
Rg4 h5 34. Rg5 h4 35. Rg6 Ke7 36. Bxb5 Bd5 37. Rb2 c6 38. Ba6 h3 39. Re2+ Kd7
0-1

[Event "III Open Costa Viola A"]
[Site "Sant'Eufemia d'Aspromonte ITA"]
[Date "2010.01.02"]
[Round "1"]
[White "Gangemi, Salvatore"]
[Black "Drasko, Milan"]
[Result "0-1"]
[WhiteElo "2101"]
[BlackElo "2537"]
[PlyCount "64"]
[EventDate "2010.01.02"]

1. c4 e6 2. Nf3 Nf6 3. Nc3 Bb4 4. Qc2 O-O 5. a3 Bxc3 6. Qxc3 d6 7. d3 a5 8. b3
c5 9. Bb2 e5 10. e3 Nc6 11. Be2 Bg4 12. O-O Re8 13. Rfe1 h6 14. Nd2 Bxe2 15.
Rxe2 d5 16. cxd5 Qxd5 17. Ne4 Nxe4 18. dxe4 Qxe4 19. Qxc5 Rad8 20. Qc2 Rd3 21.
Rd2 Red8 22. Rxd3 Qxd3 23. Qc4 Qxc4 24. bxc4 Rd2 25. Bc3 Rc2 26. Be1 e4 27. f4
exf3 28. gxf3 Ne5 29. Bg3 Nxf3+ 30. Kh1 Nd2 31. Rd1 Nxc4 32. Rd8+ Kh7 0-1

[Event "III Open Costa Viola A"]
[Site "Sant'Eufemia d'Aspromonte ITA"]
[Date "2010.01.02"]
[Round "1"]
[White "Lazic, Miroljub"]
[Black "Rotunno, Giuseppe"]
[Result "1-0"]
[WhiteElo "2484"]
[BlackElo "2069"]
[PlyCount "71"]
[EventDate "2010.01.02"]

1. g3 e5 2. c4 g6 3. Nc3 Bg7 4. Bg2 Ne7 5. e3 Nbc6 6. Nge2 d6 7. d3 O-O 8. O-O
Be6 9. Nd5 Qd7 10. Nec3 Rac8 11. Re1 f5 12. f4 Kh8 13. Rb1 Nd8 14. Qd2 c6 15.
Nxe7 Qxe7 16. b3 Qd7 17. Bb2 Re8 18. d4 exd4 19. exd4 Bf7 20. Rxe8+ Qxe8 21. d5
c5 22. Nb5 Qf8 23. Bxg7+ Kxg7 24. Nxa7 Ra8 25. Nb5 Be8 26. Nc7 Rc8 27. Qc3+ Kf7
28. Ne6 Nxe6 29. dxe6+ Kxe6 30. Re1+ Kd7 31. Bxb7 Rc7 32. Bd5 Ra7 33. a4 Kd8
34. a5 Qf7 35. Qe3 Bd7 36. b4 1-0

[Event "III Open Costa Viola A"]
[Site "Sant'Eufemia d'Aspromonte ITA"]
[Date "2010.01.02"]
[Round "1"]
[White "Maiorov, Nikita"]
[Black "Scerbo, Antonio"]
[Result "1-0"]
[WhiteElo "2509"]
[BlackElo "2093"]
[PlyCount "79"]
[EventDate "2010.01.02"]

1. d4 Nf6 2. c4 g6 3. Nf3 Bg7 4. g3 O-O 5. Bg2 d6 6. O-O c6 7. Nc3 Qa5 8. h3
Nbd7 9. e4 e5 10. Re1 exd4 11. Nxd4 Ne5 12. Bf1 Re8 13. Be3 Qb4 14. a3 Qa5 15.
f4 Ned7 16. Bf2 a6 17. Bg2 Nf8 18. b4 Qc7 19. Rc1 a5 20. b5 c5 21. Nc2 Be6 22.
Ne3 Rad8 23. g4 b6 24. g5 Nh5 25. f5 Bxc3 26. Rxc3 Bc8 27. Nd5 Qb8 28. Bf3 Bb7
29. Bxh5 Bxd5 30. cxd5 gxh5 31. Qxh5 Kh8 32. Bg3 Qc7 33. Qh6 f6 34. gxf6 Qf7
35. Rce3 Nd7 36. Qg7+ Qxg7 37. fxg7+ Kxg7 38. Bxd6 Kf6 39. Bg3 Ne5 40. Bh4+ 1-0

[Event "III Open Costa Viola A"]
[Site "Sant'Eufemia d'Aspromonte ITA"]
[Date "2010.01.02"]
[Round "1"]
[White "Palazzotto, Roberto"]
[Black "Gromovs, Sergejs"]
[Result "0-1"]
[WhiteElo "1927"]
[BlackElo "2334"]
[PlyCount "100"]
[EventDate "2010.01.02"]

1. e4 c5 2. Nf3 d6 3. d4 cxd4 4. Nxd4 Nf6 5. Nc3 a6 6. Be3 e5 7. Nb3 Be6 8. f3
Be7 9. Qd2 O-O 10. O-O-O b5 11. Nd5 Bxd5 12. exd5 Nbd7 13. Na5 Qc7 14. Nc6 Bd8
15. g4 Nb6 16. Bxb6 Qxb6 17. h4 Rc8 18. Nxd8 Rfxd8 19. h5 Rc5 20. g5 Nxd5 21.
g6 Ne3 22. gxh7+ Kh8 23. Bd3 Nxd1 24. h6 Ne3 25. hxg7+ Kxg7 26. Qh2 Kh8 27. Qh6
Nd5 28. Be4 Rc4 29. Bxd5 Rf4 30. Kb1 Rc8 31. Qg5 Qd8 32. Qg3 Qf6 33. Be4 Qg7
34. Qh2 f5 35. Bd5 Rf8 36. Bg8 Rxf3 37. Rg1 Rf6 38. a3 Rh6 39. Rxg7 Rxh2 40.
Rd7 Rh6 41. Rc7 e4 42. Re7 d5 43. Re8 d4 44. Ka2 Rh2 45. Rd8 Rd2 46. Re8 Rff2
47. Re7 Rxc2 48. Ka1 Rxb2 49. Rc7 Rbc2 50. Rxc2 Rxc2 0-1

[Event "III Open Costa Viola A"]
[Site "Sant'Eufemia d'Aspromonte ITA"]
[Date "2010.01.02"]
[Round "1"]
[White "Piccoli, Vincenzo"]
[Black "Salvador, Roland"]
[Result "1-0"]
[WhiteElo "2016"]
[BlackElo "2472"]
[PlyCount "61"]
[EventDate "2010.01.02"]

1. e4 c5 2. Nf3 Nc6 3. d4 cxd4 4. Nxd4 e5 5. Nb5 d6 6. N5c3 Nf6 7. Bg5 Be7 8.
Bxf6 Bxf6 9. Nd5 Bg5 10. Bc4 O-O 11. O-O Kh8 12. Nbc3 Be6 13. Qd3 a6 14. Bb3 f5
15. Rad1 Nd4 16. f3 Rc8 17. Kh1 Bh6 18. Ne2 fxe4 19. fxe4 Nxb3 20. cxb3 Bg4 21.
Rde1 Qg5 22. h3 Be6 23. Nec3 Qh4 24. Nb6 Rcd8 25. Rd1 Rf2 26. Nc4 Rdf8 27. Rxf2
Qxf2 28. Nxd6 Bg4 29. hxg4 Be3 30. Nf5 Rxf5 31. Qxe3 1-0

[Event "III Open Costa Viola A"]
[Site "Sant'Eufemia d'Aspromonte ITA"]
[Date "2010.01.02"]
[Round "1"]
[White "Santagati, Alessandro"]
[Black "Scalise, Sandro"]
[Result "1/2-1/2"]
[WhiteElo "2167"]
[BlackElo "1826"]
[PlyCount "47"]
[EventDate "2010.01.02"]

1. d4 Nf6 2. Bg5 c6 3. Nd2 d5 4. Ngf3 Ne4 5. h4 Bf5 6. e3 Nd7 7. Nxe4 Bxe4 8.
Nd2 Qa5 9. c3 e5 10. Nb3 Qc7 11. dxe5 Nxe5 12. Bf4 Bd6 13. Bxe5 Bxe5 14. Nc5
O-O-O 15. Qa4 Qb6 16. Nb3 f5 17. Qa5 Qxa5 18. Nxa5 f4 19. f3 Bf5 20. exf4 Bxf4
21. Kf2 Rhe8 22. g3 Be3+ 23. Kg2 d4 24. g4 1/2-1/2

[Event "III Open Costa Viola A"]
[Site "Sant'Eufemia d'Aspromonte ITA"]
[Date "2010.01.02"]
[Round "1"]
[White "Seletsky, Grigory"]
[Black "Gad, Ahmad"]
[Result "1-0"]
[WhiteElo "2345"]
[BlackElo "1971"]
[PlyCount "37"]
[EventDate "2010.01.02"]

1. e4 c5 2. Nc3 d6 3. f4 g6 4. Nf3 Bg7 5. Bc4 Nc6 6. O-O e6 7. d3 Nge7 8. Qe1
O-O 9. a3 a6 10. Ba2 b5 11. f5 exf5 12. Qh4 Ra7 13. Bh6 Be6 14. Ng5 Bd4+ 15.
Kh1 Bf6 16. Bxf8 Bxg5 17. Qxg5 Qxf8 18. exf5 Bxf5 19. g4 1-0

[Event "III Open Costa Viola A"]
[Site "Sant'Eufemia d'Aspromonte ITA"]
[Date "2010.01.02"]
[Round "1"]
[White "Serratore, Vincenzo"]
[Black "Stromboli, Ettore"]
[Result "0-1"]
[WhiteElo "1891"]
[BlackElo "2263"]
[PlyCount "88"]
[EventDate "2010.01.02"]

1. d4 Nf6 2. Nd2 d5 3. e3 Bf5 4. Ngf3 Nbd7 5. Nh4 Bg6 6. Nxg6 hxg6 7. Nf3 e6 8.
Bd3 Bd6 9. Qe2 c6 10. h4 Ne4 11. Bd2 g5 12. h5 g4 13. Bxe4 dxe4 14. Nh2 Rxh5
15. Qxg4 Nf6 16. Qxg7 Qe7 17. O-O-O O-O-O 18. Ng4 Ne8 19. Qg8 Rg5 20. Qh7 Rxg4
21. Qh3 Nf6 22. Bc3 Rdg8 23. g3 Nd5 24. Bd2 Nb6 25. Qf1 Kb8 26. Qe2 c5 27. dxc5
Bxc5 28. Rh5 Nd5 29. Rdh1 Nf6 30. Rh6 R4g6 31. R6h4 Bb4 32. c3 Bd6 33. Qb5 a6
34. Qa4 Ng4 35. Be1 f5 36. Qd4 Bc5 37. Qc4 Ne5 38. Qe2 Rd8 39. Rh8 Rgg8 40.
Rxg8 Rxg8 41. Bd2 Rd8 42. c4 Bb4 43. Bxb4 Qxb4 44. b3 Qc3+ 0-1

[Event "III Open Costa Viola A"]
[Site "Sant'Eufemia d'Aspromonte ITA"]
[Date "2010.01.02"]
[Round "1"]
[White "Stromboli, Carlo"]
[Black "Tricomi, Massimo"]
[Result "1-0"]
[WhiteElo "2276"]
[BlackElo "1917"]
[PlyCount "41"]
[EventDate "2010.01.02"]

1. e4 Nc6 2. d4 d5 3. c4 e6 4. Be3 Nf6 5. e5 Bb4+ 6. Nc3 Ne4 7. Qc2 f5 8. O-O-O
Nxc3 9. bxc3 Be7 10. g4 fxg4 11. Bd3 dxc4 12. Bxh7 Bg5 13. Qg6+ Kf8 14. Bxg5
Ne7 15. Qe4 Bd7 16. Qf4+ Ke8 17. Be4 Rf8 18. Qxg4 Bc6 19. d5 Bxd5 20. Rxd5 exd5
21. Bg6+ 1-0

[Event "III Open Costa Viola A"]
[Site "Sant'Eufemia d'Aspromonte ITA"]
[Date "2010.01.03"]
[Round "2"]
[White "Collutiis, Duilio"]
[Black "Della Corte, Alessandro"]
[Result "1-0"]
[WhiteElo "2429"]
[BlackElo "2229"]
[PlyCount "127"]
[EventDate "2010.01.02"]

1. e4 c5 2. Nf3 d6 3. c3 Nf6 4. Be2 Nbd7 5. d3 g6 6. O-O Bg7 7. Re1 O-O 8. Bf1
b6 9. d4 Bb7 10. Bd3 a6 11. Bg5 Qc7 12. Nbd2 b5 13. a4 c4 14. Bc2 e5 15. Nf1
Rfe8 16. Ng3 h6 17. Bd2 d5 18. dxe5 Nxe5 19. Nxe5 Qxe5 20. f4 Qe6 21. e5 Ne4
22. Nxe4 dxe4 23. Bxe4 Bxe4 24. Rxe4 Rad8 25. Qe1 bxa4 26. Rxa4 Qb6+ 27. Be3
Qxb2 28. Bd4 Rb8 29. Re2 Qb5 30. Rea2 f6 31. Ra5 Qb1 32. Qxb1 Rxb1+ 33. Kf2
fxe5 34. fxe5 Rb5 35. Rxa6 Bxe5 36. Bxe5 Rbxe5 37. Rxg6+ Kh7 38. Rg3 R8e7 39.
Rf3 Re4 40. g3 Rd7 41. Re2 Rxe2+ 42. Kxe2 Ra7 43. h3 Rd7 44. Re3 Kg6 45. Re4
Rc7 46. Ke3 Kf5 47. Rf4+ Kg5 48. Kd4 h5 49. Kd5 Re7 50. Kxc4 Re3 51. h4+ Kg6
52. g4 hxg4 53. Rxg4+ Kf5 54. Rd4 Ke5 55. Rd8 Rh3 56. Rh8 Kd6 57. h5 Kc6 58. h6
Rh4+ 59. Kb3 Rh1 60. h7 Kb7 61. c4 Ka7 62. c5 Rb1+ 63. Kc2 Rb7 64. Ra8+ 1-0

[Event "III Open Costa Viola A"]
[Site "Sant'Eufemia d'Aspromonte ITA"]
[Date "2010.01.03"]
[Round "2"]
[White "Drasko, Milan"]
[Black "Seletsky, Grigory"]
[Result "1/2-1/2"]
[WhiteElo "2537"]
[BlackElo "2345"]
[PlyCount "159"]
[EventDate "2010.01.02"]

1. Nf3 d5 2. g3 Nc6 3. d4 Bg4 4. Bg2 Qd7 5. c4 e6 6. Ne5 Nxe5 7. dxe5 Bb4+ 8.
Bd2 Bc5 9. Nc3 c6 10. Rc1 Ne7 11. cxd5 exd5 12. Na4 Bb6 13. h3 Be6 14. Qb3 d4
15. Qd3 Bd5 16. f3 Nf5 17. g4 Nh4 18. Bf1 Qe7 19. Nxb6 axb6 20. Qxd4 Bxf3 21.
Rg1 O-O 22. Qd6 Qxd6 23. exd6 Bd5 24. a3 Rfe8 25. Kf2 Ng6 26. Be3 Rad8 27. Bxb6
Rxd6 28. Rg3 Rf6+ 29. Kg1 Rfe6 30. Rcc3 h6 31. Rge3 Be4 32. Rb3 Nf4 33. Bc5 b5
34. Rg3 Nd5 35. g5 h5 36. h4 Bc2 37. Rbf3 Bd1 38. Rf2 Bxe2 39. Bh3 Bg4 40. Bxg4
hxg4 41. Rxg4 Re4 42. Rxe4 Rxe4 43. Rh2 Nf4 44. Bd6 Nd3 45. Rd2 Rd4 46. Bg3 c5
47. Kh2 c4 48. Re2 Kh7 49. Re7 Nxb2 50. Rxf7 Nd3 51. Rc7 Kg6 52. Kh3 Re4 53.
Kg2 Kf5 54. Kf3 Rd4 55. Ke3 Re4+ 56. Kf3 Re8 57. Rb7 Rc8 58. Rxb5+ Ke6 59. Ke3
Ra8 60. Kd4 Rxa3 61. Rb6+ Kf5 62. Bd6 Ra4 63. Kc3 Kg4 64. Rc6 g6 65. Rxc4+
Rxc4+ 66. Kxc4 Ne1 67. Kd4 Nf3+ 68. Ke3 Nxh4 69. Kf2 Nf5 70. Bc7 Kxg5 71. Kf3
Nd4+ 72. Kg3 Kf5 73. Bb6 Nb5 74. Be3 Nd6 75. Kf3 Nf7 76. Kg3 Ng5 77. Bc1 Ne4+
78. Kf3 g5 79. Bxg5 Nxg5+ 80. Ke3 1/2-1/2

[Event "III Open Costa Viola A"]
[Site "Sant'Eufemia d'Aspromonte ITA"]
[Date "2010.01.03"]
[Round "2"]
[White "Forlano, Luigi"]
[Black "Familari, Giuseppe"]
[Result "1/2-1/2"]
[WhiteElo "2011"]
[BlackElo "1863"]
[PlyCount "54"]
[EventDate "2010.01.02"]

1. Nf3 Nf6 2. g3 b6 3. Bg2 Bb7 4. O-O e6 5. b3 Be7 6. Bb2 c5 7. c4 d5 8. cxd5
exd5 9. d4 Nc6 10. Nc3 O-O 11. Rc1 cxd4 12. Nb5 Ne4 13. Nbxd4 Nxd4 14. Nxd4 Bf6
15. Ba3 Re8 16. e3 Qd7 17. Qd3 Rac8 18. Rfd1 Rxc1 19. Rxc1 Rc8 20. Rxc8+ Qxc8
21. Bf1 h6 22. f3 Ng5 23. h4 Ne6 24. b4 Nxd4 25. exd4 Qc4 26. Qxc4 dxc4 27.
Bxc4 Bxd4+ 1/2-1/2

[Event "III Open Costa Viola A"]
[Site "Sant'Eufemia d'Aspromonte ITA"]
[Date "2010.01.03"]
[Round "2"]
[White "Gad, Ahmad"]
[Black "Gangemi, Salvatore"]
[Result "0-1"]
[WhiteElo "1971"]
[BlackElo "2101"]
[PlyCount "118"]
[EventDate "2010.01.02"]

1. e4 d5 2. exd5 Nf6 3. d4 Nxd5 4. c4 Nf6 5. Nf3 c6 6. Nc3 Bg4 7. Be2 e6 8. Bf4
Be7 9. O-O O-O 10. h3 Bh5 11. Be5 Nbd7 12. Qb3 Qb6 13. Rad1 Rfd8 14. Bf4 h6 15.
Qc2 Bg6 16. Bd3 Bxd3 17. Rxd3 Qa5 18. Ne5 Nxe5 19. dxe5 Rxd3 20. Qxd3 Rd8 21.
Qe2 Nd7 22. Re1 Bb4 23. Bd2 Qxe5 24. a3 Qxe2 25. Rxe2 Bxc3 26. Bxc3 Nb6 27. b3
Rd3 28. Re3 Rd1+ 29. Re1 Rd3 30. Re3 Rxe3 31. fxe3 Nd7 32. Kf2 f5 33. Kf3 Kf7
34. Bd4 a6 35. e4 g6 36. exf5 gxf5 37. Kf4 Kg6 38. g4 fxg4 39. Kxg4 e5 40. Bc3
Nf6+ 41. Kf3 Kf5 42. Ke3 Ne4 43. Be1 Nc5 44. b4 Ne4 45. a4 Nd6 46. c5 Ne4 47.
a5 Nf6 48. Bd2 Nd5+ 49. Kf3 e4+ 50. Kf2 h5 51. Be1 Nf4 52. Kg3 h4+ 53. Kh2 Ng6
54. Kg2 Kf4 55. Kf2 e3+ 56. Ke2 Ke4 57. Bc3 Nf4+ 58. Ke1 Kd3 59. Bf6 Ng2+ 0-1

[Event "III Open Costa Viola A"]
[Site "Sant'Eufemia d'Aspromonte ITA"]
[Date "2010.01.03"]
[Round "2"]
[White "Gromovs, Sergejs"]
[Black "Maiorov, Nikita"]
[Result "1/2-1/2"]
[WhiteElo "2334"]
[BlackElo "2509"]
[PlyCount "22"]
[EventDate "2010.01.02"]

1. d4 Nf6 2. Nf3 e6 3. c4 b6 4. a3 Bb7 5. Nc3 d5 6. cxd5 Nxd5 7. Qc2 Be7 8. e4
Nxc3 9. bxc3 O-O 10. Bd3 c5 11. O-O Qc8 1/2-1/2

[Event "III Open Costa Viola A"]
[Site "Sant'Eufemia d'Aspromonte ITA"]
[Date "2010.01.03"]
[Round "2"]
[White "Luvera', Filippo"]
[Black "Blasco, Domenico"]
[Result "0-1"]
[WhiteElo "1871"]
[BlackElo "1987"]
[PlyCount "88"]
[EventDate "2010.01.02"]

1. e4 g6 2. d4 Bg7 3. Nf3 d6 4. Nc3 a6 5. Be2 b5 6. a3 Bb7 7. O-O e6 8. Bf4 Ne7
9. Qd2 h6 10. Rad1 Nd7 11. Rfe1 g5 12. Bg3 O-O 13. h3 f5 14. exf5 Nxf5 15. Bh2
Qf6 16. Rf1 Rae8 17. d5 exd5 18. Nxd5 Bxd5 19. Qxd5+ Qe6 20. Qxe6+ Rxe6 21. Bd3
Bxb2 22. a4 Nc5 23. axb5 Nxd3 24. Rxd3 axb5 25. Rb3 Bg7 26. Rxb5 Nd4 27. Nxd4
Bxd4 28. Rb7 Re2 29. Bg3 Rxc2 30. h4 gxh4 31. Bxh4 h5 32. Rbb1 Rf4 33. Bg5
Rfxf2 34. Rxf2 Bxf2+ 35. Kh1 Bg3 36. Bd8 d5 37. Kg1 Kf7 38. Kf1 Ke6 39. Rd1 c5
40. Rd3 h4 41. Ra3 d4 42. Ra6+ Kd5 43. Rh6 d3 44. Bxh4 Rc1# 0-1

[Event "III Open Costa Viola A"]
[Site "Sant'Eufemia d'Aspromonte ITA"]
[Date "2010.01.03"]
[Round "2"]
[White "Rotunno, Giuseppe"]
[Black "Serratore, Vincenzo"]
[Result "1/2-1/2"]
[WhiteElo "2069"]
[BlackElo "1891"]
[PlyCount "116"]
[EventDate "2010.01.02"]

1. d4 d5 2. Nf3 Bf5 3. c4 c6 4. Nc3 e6 5. Bf4 Bd6 6. Bg3 Bxg3 7. hxg3 Nf6 8. e3
Qb6 9. Qb3 Qxb3 10. axb3 h6 11. c5 O-O 12. b4 Nbd7 13. b5 Rfb8 14. Kd2 Ng4 15.
Ke1 e5 16. Be2 Re8 17. b4 Ngf6 18. dxe5 Nxe5 19. Nxe5 Rxe5 20. Rh4 Bd7 21. Rd4
Be8 22. Na4 Nd7 23. Nb6 Nxb6 24. cxb6 cxb5 25. Rxa7 Rb8 26. Ra5 Re6 27. Bxb5
Rxb6 28. Bxe8 Rxe8 29. Raxd5 Ra8 30. Rd8+ Rxd8 31. Rxd8+ Kh7 32. Rd4 Kg6 33.
Kd2 Ra6 34. Kc3 Ra2 35. Rf4 Ra6 36. b5 Rd6 37. Kc4 b6 38. Rd4 Rf6 39. f4 Kf5
40. e4+ Kg4 41. Rd3 Re6 42. Kd5 h5 43. Rf3 g6 44. f5 gxf5 45. Rxf5 Re7 46. Rf3
Kg5 47. e5 Kg4 48. Kd6 Re6+ 49. Kd5 Re7 50. Kc6 Re6+ 51. Kc7 Rxe5 52. Kxb6 f5
53. Ka6 Re2 54. Rb3 Ra2+ 55. Kb7 Rxg2 56. Kc6 f4 57. b6 Rc2+ 58. Kd5 Rd2+
1/2-1/2

[Event "III Open Costa Viola A"]
[Site "Sant'Eufemia d'Aspromonte ITA"]
[Date "2010.01.03"]
[Round "2"]
[White "Sabia, Corrado"]
[Black "Efimov, Igor"]
[Result "1/2-1/2"]
[WhiteElo "2176"]
[BlackElo "2462"]
[PlyCount "76"]
[EventDate "2010.01.02"]

1. c4 Nf6 2. Nf3 c6 3. d4 d6 4. g3 Nbd7 5. Nc3 e5 6. e4 a6 7. Bg2 b5 8. cxb5
axb5 9. O-O Be7 10. Re1 Bb7 11. b3 O-O 12. Bb2 Qb8 13. a4 b4 14. Nb1 Rd8 15.
Nbd2 Ne8 16. Qc2 Bf6 17. Rad1 exd4 18. Bxd4 Bxd4 19. Nxd4 Ne5 20. Nc4 Nxc4 21.
Qxc4 Qc7 22. Nf5 c5 23. Ne3 Nf6 24. Qc2 Re8 25. Nc4 Rad8 26. e5 dxe5 27. Rxd8
Rxd8 28. Bxb7 Qxb7 29. Nxe5 Qd5 30. Qc4 Qb7 31. Qxc5 h5 32. Nc6 Rd3 33. Ne7+
Kh8 34. Qc4 Qf3 35. Qxf7 Rxb3 36. Ng6+ Kh7 37. Nf8+ Kh8 38. Ng6+ Kh7 1/2-1/2

[Event "III Open Costa Viola A"]
[Site "Sant'Eufemia d'Aspromonte ITA"]
[Date "2010.01.03"]
[Round "2"]
[White "Salvador, Roland"]
[Black "Santagati, Alessandro"]
[Result "1-0"]
[WhiteElo "2472"]
[BlackElo "2167"]
[PlyCount "45"]
[EventDate "2010.01.02"]

1. d4 Nf6 2. Nf3 e6 3. c4 b6 4. g3 Ba6 5. Qc2 c5 6. d5 exd5 7. cxd5 Bb7 8. Bg2
Bxd5 9. Nc3 Bb7 10. e4 Nc6 11. O-O Nb4 12. Qa4 Bc6 13. Qd1 Bb7 14. a3 Nc6 15.
e5 Ng8 16. Bg5 Be7 17. Ne4 Qc7 18. Nd6+ Kf8 19. Bxe7+ Ncxe7 20. Nxb7 Qxb7 21.
Ng5 Nc6 22. Qf3 Nh6 23. e6 1-0

[Event "III Open Costa Viola A"]
[Site "Sant'Eufemia d'Aspromonte ITA"]
[Date "2010.01.03"]
[Round "2"]
[White "Sanchez, Joseph"]
[Black "Stromboli, Carlo"]
[Result "1/2-1/2"]
[WhiteElo "2490"]
[BlackElo "2276"]
[PlyCount "114"]
[EventDate "2010.01.02"]

1. e4 e5 2. Nf3 Nc6 3. Bb5 a6 4. Ba4 Nf6 5. O-O b5 6. Bb3 Bc5 7. a4 Bb7 8. c3
d6 9. d4 Bb6 10. Bg5 exd4 11. cxd4 h6 12. Bxf6 Qxf6 13. Bd5 O-O 14. Na3 Rfb8
15. Nc2 bxa4 16. Rxa4 Ne7 17. Bxb7 Rxb7 18. Qd3 a5 19. b4 Rba7 20. b5 d5 21. e5
Qe6 22. Ne3 c6 23. Rb1 c5 24. dxc5 Bxc5 25. Rd1 Rb8 26. g3 Qb6 27. Rb1 Qe6 28.
Kg2 Qb6 29. Nxd5 Nxd5 30. Qxd5 Bb4 31. Rc1 Qxb5 32. Rc8+ Kh7 33. Qe4+ g6 34.
Rxb8 Qxb8 35. Ra2 Qb7 36. Qf4 Qd7 37. Re2 Qd5 38. h4 Be7 39. e6 f6 40. Qb8 Qa8
41. Qb1 Rb7 42. Qc2 h5 43. Kh2 a4 44. Rd2 a3 45. Qa2 Qb8 46. Rd7 Kg7 47. Nd4
Rxd7 48. exd7 Qb2 49. Qc4 Qxf2+ 50. Kh3 Qe1 51. Ne6+ Kh8 52. Qd5 Qf1+ 53. Kh2
Qf2+ 54. Kh1 Qf1+ 55. Kh2 Qf2+ 56. Kh1 Qe1+ 57. Kh2 Qf2+ 1/2-1/2

[Event "III Open Costa Viola A"]
[Site "Sant'Eufemia d'Aspromonte ITA"]
[Date "2010.01.03"]
[Round "2"]
[White "Scalise, Sandro"]
[Black "Piccoli, Vincenzo"]
[Result "0-1"]
[WhiteElo "1826"]
[BlackElo "2016"]
[PlyCount "72"]
[EventDate "2010.01.02"]

1. Nf3 Nf6 2. d4 b6 3. c4 e6 4. g3 Bb7 5. Bg2 Be7 6. O-O O-O 7. Nc3 Ne4 8. Qc2
Nxc3 9. bxc3 f5 10. Bf4 Be4 11. Qd2 d6 12. Rad1 h6 13. c5 Nd7 14. cxd6 cxd6 15.
c4 Rc8 16. c5 dxc5 17. dxc5 Nxc5 18. Qb2 Qe8 19. Be5 Bf6 20. Rd6 Nb7 21. Rd2
Na5 22. Qb4 Bxf3 23. Bxf6 Bxg2 24. Bxg7 Bxf1 25. Bxf8 Bh3 26. Qd4 Rc1+ 27. Rd1
Rxd1+ 28. Qxd1 Kxf8 29. Qd6+ Qe7 30. Qb8+ Kg7 31. Qe5+ Kh7 32. g4 Qc5 33. Qf4
Qc6 34. f3 Qc5+ 35. e3 Qc2 36. Qg3 Qd1+ 0-1

[Event "III Open Costa Viola A"]
[Site "Sant'Eufemia d'Aspromonte ITA"]
[Date "2010.01.03"]
[Round "2"]
[White "Scerbo, Antonio"]
[Black "Palazzotto, Roberto"]
[Result "0-1"]
[WhiteElo "2093"]
[BlackElo "1927"]
[PlyCount "90"]
[EventDate "2010.01.02"]

1. d4 d5 2. Nf3 Nf6 3. c4 c6 4. Nc3 e6 5. Bg5 dxc4 6. a4 h6 7. Bxf6 Qxf6 8. e4
c5 9. d5 exd5 10. Nxd5 Qd8 11. Bxc4 Nc6 12. O-O Bd6 13. e5 Be7 14. Re1 O-O 15.
Qc2 Be6 16. Rad1 Qa5 17. Qe4 Rfe8 18. Bd3 g6 19. Nf6+ Bxf6 20. exf6 Qb4 21.
Qxb4 Nxb4 22. Be4 Rab8 23. Rd6 Bb3 24. a5 b6 25. Rd7 bxa5 26. Rxa7 a4 27. Rc7
Rbc8 28. Rxc8 Rxc8 29. Rc1 Rd8 30. h4 Rd1+ 31. Rxd1 Bxd1 32. Ne5 Bb3 33. Kf1 c4
34. Bb1 c3 35. bxc3 Nd5 36. Nf3 Nxc3 37. Nd2 Bd5 38. Bc2 a3 39. Nb3 Bxb3 40.
Bxb3 a2 41. Bxa2 Nxa2 42. g4 g5 43. hxg5 hxg5 44. Kg2 Kh7 45. Kg3 Kg6 0-1

[Event "III Open Costa Viola A"]
[Site "Sant'Eufemia d'Aspromonte ITA"]
[Date "2010.01.03"]
[Round "2"]
[White "Stromboli, Ettore"]
[Black "Lazic, Miroljub"]
[Result "0-1"]
[WhiteElo "2263"]
[BlackElo "2484"]
[PlyCount "80"]
[EventDate "2010.01.02"]

1. e4 g6 2. d4 Bg7 3. Nc3 d6 4. h3 a6 5. a4 b6 6. Nf3 e6 7. Be3 Nd7 8. Bc4 Bb7
9. O-O Ngf6 10. Qe2 O-O 11. Bg5 h6 12. Bxf6 Nxf6 13. Rad1 d5 14. exd5 exd5 15.
Ba2 Qd6 16. Qe5 Qd7 17. Qg3 Rae8 18. Ne5 Qd6 19. Ng4 Qd8 20. Nxf6+ Bxf6 21. Qf3
c6 22. Ne2 a5 23. Qd3 Qc8 24. Rfe1 Ba6 25. c4 Kg7 26. Nc3 Rxe1+ 27. Rxe1 Rd8
28. Ne2 c5 29. dxc5 Qxc5 30. Qc2 dxc4 31. Nc3 Rd3 32. Ne4 Qb4 33. Re2 Bd4 34.
Nd2 c3 35. Nb3 cxb2 36. Nxd4 Rxd4 37. Re8 Bc4 38. Bb1 Qb3 39. Rc8 Qxc2 40. Bxc2
Bd3 0-1

[Event "III Open Costa Viola A"]
[Site "Sant'Eufemia d'Aspromonte ITA"]
[Date "2010.01.03"]
[Round "2"]
[White "Tricomi, Massimo"]
[Black "Cordi', Domenico"]
[Result "1-0"]
[WhiteElo "1917"]
[BlackElo "2072"]
[PlyCount "55"]
[EventDate "2010.01.02"]

1. c4 Nf6 2. Nc3 g6 3. g3 d5 4. cxd5 Nxd5 5. Bg2 Nxc3 6. bxc3 Bg7 7. Nf3 O-O 8.
O-O c5 9. d4 Nc6 10. Be3 cxd4 11. cxd4 Be6 12. Qd2 Qd7 13. Rab1 b6 14. Rfd1
Rfd8 15. Bh6 Rac8 16. Bxg7 Kxg7 17. d5 Bf5 18. Qc3+ f6 19. dxc6 Qxd1+ 20. Rxd1
Rxd1+ 21. Bf1 Bh3 22. Ne1 Rxc6 23. Qb4 Rcc1 24. Qxe7+ Kh6 25. Bxh3 Rxe1+ 26.
Kg2 Rg1+ 27. Kf3 Rc3+ 28. e3 1-0

[Event "III Open Costa Viola A"]
[Site "Sant'Eufemia d'Aspromonte ITA"]
[Date "2010.01.04"]
[Round "3"]
[White "Blasco, Domenico"]
[Black "Stromboli, Ettore"]
[Result "0-1"]
[WhiteElo "1987"]
[BlackElo "2263"]
[PlyCount "140"]
[EventDate "2010.01.02"]

1. d4 Nf6 2. Nf3 d5 3. e3 Bf5 4. Bd3 Ne4 5. O-O e6 6. c4 c6 7. cxd5 exd5 8. Ne5
Nd7 9. f3 Nd6 10. e4 Be6 11. exd5 cxd5 12. Nc3 Be7 13. f4 Nf6 14. f5 Bd7 15.
Nxd7 Qxd7 16. Qf3 O-O 17. Nxd5 Nxd5 18. Qxd5 Bf6 19. Bf4 Rad8 20. Be5 Ne8 21.
Qxd7 Rxd7 22. Bb5 Rxd4 23. Bxd4 Bxd4+ 24. Kh1 Nf6 25. Bd3 Ng4 26. Rf4 Nf2+ 27.
Rxf2 Bxf2 28. Rc1 Rd8 29. g3 h5 30. Be4 Rd7 31. Rc2 Bb6 32. Kg2 Kh7 33. Kf3 Kh6
34. h3 Kg5 35. h4+ Kf6 36. g4 hxg4+ 37. Kxg4 Rd4 38. Kf3 Ke5 39. Re2 Kf6 40.
Rg2 Rd1 41. Bxb7 Rf1+ 42. Ke4 Rxf5 43. Rg4 Re5+ 44. Kd3 g6 45. Rf4+ Kg7 46. Be4
f5 47. Bb7 Kf6 48. Rf1 Re3+ 49. Kc4 Re7 50. Bf3 Rc7+ 51. Kd3 Rd7+ 52. Kc3 Bd4+
53. Kc2 Rc7+ 54. Kb3 Rc8 55. Rd1 Be5 56. Rd7 Rb8+ 57. Kc4 a5 58. b3 Rb4+ 59.
Kd5 Rd4+ 60. Kc6 Rxh4 61. Bd5 g5 62. Rf7+ Kg6 63. Ra7 Bc3 64. Kd6 Rh2 65. a4 g4
66. Be6 Rd2+ 67. Kc6 g3 68. Ra8 g2 69. Rg8+ Bg7 70. Bxf5+ Kf6 0-1

[Event "III Open Costa Viola A"]
[Site "Sant'Eufemia d'Aspromonte ITA"]
[Date "2010.01.04"]
[Round "3"]
[White "Della Corte, Alessandro"]
[Black "Tricomi, Massimo"]
[Result "1-0"]
[WhiteElo "2229"]
[BlackElo "1917"]
[PlyCount "59"]
[EventDate "2010.01.02"]

1. d4 d6 2. c4 e5 3. Nf3 e4 4. Ng5 f5 5. Nh3 Be7 6. Nf4 c6 7. Nc3 Nf6 8. e3 Na6
9. Be2 O-O 10. h3 Nc7 11. g4 g5 12. Ng2 fxg4 13. hxg4 Kg7 14. d5 Bd7 15. b3 Qc8
16. Bb2 Bxg4 17. Nxe4 Bxe2 18. Qxe2 Qf5 19. Ng3 Qg6 20. e4 Kf7 21. Nf5 h5 22.
dxc6 bxc6 23. O-O-O Rae8 24. Nxd6+ Bxd6 25. Rxd6 Re6 26. Rhd1 Rfe8 27. Bxf6
Rxf6 28. e5 Rxd6 29. Rxd6 Qxd6 30. Qf3+ 1-0

[Event "III Open Costa Viola A"]
[Site "Sant'Eufemia d'Aspromonte ITA"]
[Date "2010.01.04"]
[Round "3"]
[White "Efimov, Igor"]
[Black "Gromovs, Sergejs"]
[Result "1/2-1/2"]
[WhiteElo "2462"]
[BlackElo "2334"]
[PlyCount "29"]
[EventDate "2010.01.02"]

1. e4 e5 2. Nc3 Nc6 3. Nf3 Nf6 4. Bb5 d6 5. h3 Bd7 6. O-O Be7 7. d4 Nxd4 8.
Bxd7+ Nxd7 9. Nxd4 exd4 10. Qxd4 O-O 11. Nd5 Bf6 12. Nxf6+ Qxf6 13. Qxf6 Nxf6
14. f3 h6 15. Bd2 1/2-1/2